Riconosci la Squadra di calcio - Quiz n°164 - Statistics

Statistiche generali
  • Questo quiz è stato fatto 6 volte
  • Il punteggio medio è 9 su 11
Statistiche sulle risposte
Indizio Risposta % Corretto
Trofei internazionali 0
100%
Titoli nazionali 3 campionati di Serie B
100%
Colori sociali Bianco, rosso
100%
Simboli "R" del Lanerossi
100%
Fondazione 1902
83%
Trofei nazionali 1 Coppe Italia 2 Coppe Italia Serie C/Lega Pro
83%
Divisione nazionale 2023-2024 Terza
83%
Confederazione UEFA
83%
Capienza Stadio 13 173 posti
67%
Rifondazione 2018
67%
Squadra L.R. Vicenza
67%
Nessun quiz corrispondente trovato
Distribuzione punteggi
Percentuale di utenti per punteggio
Percentile per numero di risposta
I tuoi punteggi nel tempo
Non hai fatto questo quiz